00309 a2200097 4500020001800000100002500018245001900043999001900062942003800081952009200119 a9780868124257 aHeine, Mike 987646 aSending seekat c731153d731152 w2694xGrace MofokengyzCRON CRON 001040709662758aKINRLbKINRLd2022-09-06l0p33228017694215r2022-09-06w2022-09-06